书目信息 |
| 题名: |
图解运算放大器电路
|
|
| 作者: | 内山明治 著 ;陈镜超 译 | |
| 分册: | ||
| 出版信息: | 北京 科学出版社 2000.01 |
|
| 页数: | 223页 | |
| 开本: | 20cm | |
| 丛书名: | OHM电子电气入门丛书 | |
| 单 册: | ||
| 中图分类: | TN722.7-64 | |
| 科图分类: | ||
| 主题词: | 放大技术 , 放大器 | |
| 电子资源: | ||
| ISBN: | 7-03-008170-6 | |
| 000 | 00759nam0 2200241 450 | |
| 001 | 0434841122 | |
| 005 | 20040315094041.05 | |
| 010 | @a7-03-008170-6@dCNY21.00 | |
| 100 | @a20040315d2000 km y0chiy0120 ea | |
| 101 | 0 | @achi |
| 102 | @aCN@b110000 | |
| 200 | 1 | @a图解运算放大器电路@Atu jie yun suan fang da qi dian lu@f(日)内山明治等著@F(ri)nei shan ming zhi deng zhu@g陈镜超译@Gchen jing chao yi |
| 210 | @a北京@c科学出版社@d2000.01 | |
| 215 | @a223页@d20cm | |
| 225 | 2 | @aOHM电子电气入门丛书 |
| 410 | 0 | @12001 @aOHM电子电气入门丛书 |
| 606 | 0 | @a放大技术 |
| 606 | 0 | @a放大器 |
| 690 | @aTN722.7-64@v4 | |
| 701 | 0 | @a内山明治@Anei shan ming zhi@4著 |
| 702 | 0 | @a陈镜超@Achen jing chao@4译 |
| 801 | 0 | @aCN@bPFT@c20040315 |
| 905 | @aBZT@dTN722.7-64@e1@f5 | |
| 图解运算放大器电路/(日)内山明治等著/陈镜超译.-北京:科学出版社,2000.01 |
| 223页;20cm.-(OHM电子电气入门丛书) |
| ISBN 7-03-008170-6:CNY21.00 |
| ● |
| 相关链接 |
|
|
|
正题名:图解运算放大器电路
索取号:TN722.7-64/1
 
预约/预借
| 序号 | 登录号 | 条形码 | 馆藏地/架位号 | 状态 | 备注 |
| 1 | 0359297 | 200425389 | 中心书库中库/ 中库029架A面9列2层31/ [索取号:TN722.7-64/1] | 在馆 | |
| 2 | 0359298 | 200425370 | 中心书库中库/ 中库029架A面9列2层30/ [索取号:TN722.7-64/1] | 在馆 | |
| 3 | 0359299 | 200425398 | 中心书库中库/ 中库029架A面9列2层37/ [索取号:TN722.7-64/1] | 在馆 |